000 00577nam a2200181 i 4500
001 77176
003 ES-MaACL
005 20251014063132.0
007 t|
008 041007s1902 sp ||||1| spa d
100 1 _aGutiérrez, Eugenio,
_d1851-1914
_9127664
245 1 3 _aEl Instituto Rubio
_b: su historia y su organización /
_c[Eugenio Gutiérrez].
260 _a[S.l. :
_bs.n.,
_c1902] (
_eMadrid :
_fIdamor Moreno)
300 _a31 p. :
_bil. ;
_c16 cm.
610 1 _aInstituto Rubio (Madrid)
_95229
852 _aES-MaACL
_jT-1145-F-3
999 _c77176
_d77176